[Event "Barcelona Primavera La Lira op 9th"]
[Site "Barcelona"]
[Date "2016.05.26"]
[Round "8"]
[White "Gil Pares, Lluis"]
[Black "Minguell Soler, Joan"]
[Result "0-1"]
[WhiteElo "1895"]
[BlackElo "1885"]
[PlyCount "56"]
[EventDate "2016.04.07"]
[EventType "swiss"]
[EventRounds "9"]
[EventCountry "ESP"]
[SourceTitle "CBM 172 Extra"]
[Source "ChessBase"]
[SourceDate "2016.06.21"]
[SourceVersion "1"]
[SourceVersionDate "2016.06.21"]
[SourceQuality "1"]

1. e4 e6 2. d4 d5 3. exd5 exd5 4. Bd3 Bd6 5. Nc3 Nf6 6. h3 0-0 7. Be3 Re8 8. Qf3 c6 9. Nge2 Be6 10. g4 Qa5 11. g5 Ne4 12. h4 Na6 13. h5 Nb4 14. g6 fxg6 15. hxg6 hxg6 16. a3 Bf5 17. 0-0-0 Nxc3 18. Nxc3 Nxd3+ 19. cxd3 Bxa3 20. Bf4 Bb4 21. Be5 Bxc3 22. bxc3 Qxc3+ 23. Kb1 a5 24. Qg3 Ra6 25. Ka2 Rb6 26. Rb1 Rb4 27. Rxb4 axb4 28. Qh4 b3+ 0-1